Central Library OPAC University of Rajshahi

Earthquakes and mountains / (Record no. 73796)

MARC details
000 -LEADER
fixed length control field 00696nam a2200253 a 4500
001 - CONTROL NUMBER
control field 73796
003 - CONTROL NUMBER IDENTIFIER
rucl marc code BD-RjUL
005 - DATE AND TIME OF LATEST TRANSACTION
control field 20211209082440.0
008 - FIXED-LENGTH DATA ELEMENTS--GENERAL INFORMATION
fixed length control field 170612s1950 enka 00100 eng d
035 ## - SYSTEM CONTROL NUMBER
System control number (BD-RjUL)74014
040 ## - CATALOGING SOURCE
Original cataloging agency DLC/ICU
Transcribing agency ICU
Language of cataloging eng
Modifying agency BD-RjUL
041 ## - LANGUAGE CODE
Language code of text/sound track or separate title eng
082 0# - DEWEY DECIMAL CLASSIFICATION NUMBER
Classification number 551.22
Edition number 23
Author mark and year JEE 1950
100 1# - MAIN ENTRY--PERSONAL NAME
Personal name Jeffreys, Harold
Dates associated with a name 1891-
9 (RLIN) 218513
245 10 - TITLE STATEMENT
Title Earthquakes and mountains /
Statement of responsibility, etc. Harold Jeffreys.
250 ## - EDITION STATEMENT
Edition statement 2nd ed.
260 ## - PUBLICATION, DISTRIBUTION, ETC. (IMPRINT)
Place of publication, distribution, etc. London :
Name of publisher, distributor, etc. Methuen,
Date of publication, distribution, etc. 1950
300 ## - PHYSICAL DESCRIPTION
Pagination 191 p. :
Illustrations ill. ;
Size 20 cm.
500 ## - GENERAL NOTE
General note Includes index.
650 #0 - SUBJECT ADDED ENTRY--TOPICAL TERM
Topical term or geographic name as entry element Earthquakes.
9 (RLIN) 218514
Topical term or geographic name as entry element Mountains.
9 (RLIN) 218515
651 #0 - SUBJECT ADDED ENTRY--GEOGRAPHIC NAME
Geographic name Earth (Planet)
9 (RLIN) 218516
942 ## - ADDED ENTRY ELEMENTS (KOHA)
Source of classification or shelving scheme Dewey Decimal Classification
Koha item type Books
Holdings
Lost status Source of classification or shelving scheme Damaged status Not for loan Collection code Permanent Location Current Location Shelving location Date acquired Source of acquisition Cost, normal purchase price Total Checkouts Full call number Date last seen Copy number Koha item type
  Dewey Decimal Classification   Not For Loan Non-fiction Central Library, University of Rajshahi Central Library, University of Rajshahi Reading Room 11/11/1955 W.B.C 10.26   551.22 JEE 1950 12/06/2017 C-1 Books